[Event "Karl Mala Memorial op-B 16th"]
[Site "Frankfurt"]
[Date "2013.07.11"]
[Round "1"]
[White "Jayakumar, Sharun"]
[Black "Winkler, Holger"]
[Result "0-1"]
[WhiteElo "771"]
[BlackElo "1590"]
[PlyCount "62"]
[EventDate "2013.07.11"]
[EventType "swiss"]
[EventRounds "7"]
[EventCountry "GER"]
[SourceTitle "CBM 155 Extra"]
[Source "ChessBase"]
[SourceDate "2013.08.26"]
[SourceVersion "1"]
[SourceVersionDate "2013.08.26"]
[SourceQuality "1"]

1. e4 c5 2. Nf3 d6 3. Bc4 Nf6 4. Ng5 e6 5. Nf3 Nxe4 6. 0-0 Be7 7. d3 Nf6 8. Nc3 0-0 9. Be3 d5 10. Bb3 d4 11. Bxd4 cxd4 12. Ne2 Nc6 13. c3 Bc5 14. Bc2 Bb6 15. Qd2 e5 16. Rfe1 Bg4 17. Ng5 h6 18. Ne4 Nxe4 19. dxe4 Bxe2 20. Rxe2 dxc3 21. bxc3 Qxd2 22. Rxd2 Rfd8 23. Rad1 Rxd2 24. Rxd2 Rd8 25. Rd1 Ba5 26. c4 Nb4 27. Rc1 Nxc2 28. h3 Nd4 29. Rb1 b6 30. Rc1 Ne2+ 31. Kf1 Nxc1 0-1